000 00467nam a2200181Ia 4500
001 1006
005 20260306140600.0
008 260306t2017||||xx |||||||||||||| ||spa||
041 _aESP
082 _a179.9
_bH26
100 _aHavard, Alexandre
_eAUT
245 0 _aLiderazgo virtuoso:
_blas virtudes clásicas, base de la excelencia personal
260 _c2017
300 _a221 páginas :
_c21 cm.
650 _aGEN
654 _aCHU
942 _cLIB
_dJUS
_fJUS
_2ddc
_n
999 _c1006
_d1006